000 00307nam a22001337a 4500
008 180130b xxu||||| |||| 00| 0 eng d
020 _a9780820561523
041 _aeng
080 _24th
_a34
100 _a14
101 _aJUR
245 _aFamily law: cases, text, problems
_cEllman,I.M
942 _2udc
_cBK
999 _c41205
_d41205